00984nam a2200241 a 450000100060000000300080000600500170001400800410003103500190007204000310009104100080012208200230013010000340015324502590018726000330044630000500047960000340052965000180056365100630058170000290064470000160067374000530068928398BD-RjUL20211209051258.0140330s1952 enkaf 000 0aeng d a(BD-RjUL)28479 aCWRdBD-RjULbengcBD-RjUL aeng a973.918bTRM 19521 aTruman, Harry S.,d1884-1972.10aMr. President :bThe first publication from the personal diaries, private letters papers and revealing interviews of Harry S. Truman, thirty-second president of the United States of America /c[edited] by William Hillman ; with photographs by Alfred Wagg aLondon :bHutchinson,c1952. a[6] 253 p :billus., ports., facsims ;c24 cm10aTruman, Harry S.,d1884-1972. aUnited States 0aUnited StatesxPolitics and governmenty1945-1989xSources1 aHillman, William,d1895-1 aAlfred Wagg0 aMr President :personal diaries, private letters.